000 00483nam a2200193 4500
003 SEACOMEC
005 20240224112702.0
008 240224b |||||||| |||| 00| 0 eng d
020 _cRs.525.00
040 _aSEACOMEC
082 _a547
_bF491
100 _aFinar,I.L.
245 1 _aOrganic Chemistry: the fundamental principles
_cI.L. Finar
250 _a6th ed.
260 _aDelhi
_bPearson
_c2004
300 _a1
650 _aNatural sciences,Organic chemistry
942 _cBOOK
999 _c688
_d688